007140000a2200145000450024501700000065000270017065000300019765000360022765100570026365300590032004100140037970000360039310000240042977301150045310aAnálisis de los factores ambientales que influyen sobre el nivel poblacional del venado cola blanca (), en el Parque Desierto de los Leones14aDinámica poblacional14aEcología de comunidades14aBiología de la conservación 4lDesierto de Los LeonesmCiudad de MéxicopMéxico gOdocoileuseOdocoileus virginianusvvenado cola blanca0 aEspañol1 aHernández Areliano, Guadalupe1 aMandujano, Salvador1 tAreas naturales protegidas en México y especies en extinción / Camarillo R. José L.31134q351-364d1990